| 000 | 00692cam a2200241 a 4500 | ||
|---|---|---|---|
| 999 |
_c4482 _d4482 |
||
| 001 | 3719224 | ||
| 003 | GBCCL | ||
| 005 | 20241126110519.0 | ||
| 008 | 810922s1981 mou 000 0 eng | ||
| 010 | _a 80082830 | ||
| 020 |
_a0882438778 (pbk.) : _c$1.25 |
||
| 040 |
_aDLC _cDLC _dDLC |
||
| 050 | 0 | 0 |
_aBS2745.3 _b.L43 |
| 082 | 0 | 0 |
_a227.8307 _219 _bLEG |
| 100 | 1 |
_aLeggett, Gary. _98353 |
|
| 245 | 1 | 0 |
_aLetters to Timothy / _cGary Leggett. |
| 260 |
_aSpringfield, Mo. : _bGospel Pub. House, _cc1981. |
||
| 300 |
_a125 p. ; _c18 cm. |
||
| 490 | 0 | _aRadiant books | |
| 630 | 0 | 0 |
_aBible. _pTimothy _xCommentaries. _98354 |
| 906 |
_a7 _bcbc _corignew _d2 _eopcn _f19 _gy-gencatlg |
||
| 942 |
_2ddc _cBK _04 |
||